000 00295nam a2200145Ia 4500
100 _aSL. Dwivedi
490 _v1
942 _cBK
654 _aBaggage Rules
245 _aBaggage Rules
260 _bEstern book company
_aLucknow
_c1983
082 _a340
300 _a69
546 _aENGLISH
999 _c27094
_d27094